| 000 | 00497nam a2200181Ia 4500 | ||
|---|---|---|---|
| 008 | 240925s9999 xx 000 0 und d | ||
| 020 | _a8177000411 | ||
| 082 | _a621.3916 CHO | ||
| 100 | _aChoudhury, Subhadeep | ||
| 245 | 6 | _aThe A to Z of PC Hardware & Maintenance | |
| 250 | _a1st | ||
| 260 |
_aNew Delhi: _bDhanpat Rai & Sons _c,2003. |
||
| 300 |
_axvi,1228p. _bNA _fOriginal |
||
| 500 | _aIncludes Illustrations | ||
| 600 | _aElectronic Engineering | ||
| 650 | _aTechnology | ||
| 942 | _cBK | ||
| 999 |
_c11938 _d11938 |
||